Szczegóły MARC21

Co się stało w 966 roku? /

003 -Nazwa inst., której nr kontr. jest w polu 001 [,]
    • @
    • Nazwa instytucji, której n kontrolny jest w polu 001
    • NUKAT
005 -DATA I CZAS OSTATNIEJ MODYFIKACJI [,]
    • @
    • pole kontrolne
    • 20241231102003.0
020 -Międzynarod. znormalizowany nr książki - ISBN [ , ]
    • a
    • Numer ISBN
    • 9788377859001 Find
040 -Instytucja sporządzająca opis [ , ]
    • a
    • Instytucja, która sporządziła opis (NP)
    • WR U/MB
    • c
    • Instytucja, która sporządziła rekord (NP)
    • WR U/MB
    • d
    • Instytucja, która zmodyfikowała rekord (P)
    • WR U/MBs
    • d
    • Instytucja, która zmodyfikowała rekord (P)
    • WR U/ms
942 -Rodzaj dokumentu [ , ]
    • c
    • Rodzaj dokumentu
    • Książka
100 -Hasło główne - nazwa osobowa [1, ]
    • a
    • Nazwa osobowa (NP)
    • Urbańczyk, Przemysław
    • d
    • Daty biograficzne (NP)
    • (1951- ).
    • 9
    • KHW
    • 53274
245 -Strefa tytułu i oznaczenia odpowiedzialności [1,0]
    • a
    • Tytuł
    • Co się stało w 966 roku? / Find
    • c
    • Pozostałe elementy strefy tytułu i oznaczenia odpowiedzialności (NP)
    • Przemysław Urbańczyk.
260 -Strefa adresu wydawniczego [ , ]
    • a
    • Miejsce wydania (P)
    • Poznań :
    • b
    • Nazwa wydawcy (P)
    • Zysk i S-ka Wydawnictwo,
    • c
    • Data wydania (P)
    • cop. 2016.
300 -Strefa opisu fizycznego [ , ]
    • a
    • Określenie formy książki i/lub objętość (NP)
    • 166, [1] s., [16] s. tabl. :
    • b
    • Oznaczenie ilustracji (NP)
    • il. (gł. kolor.) ;
    • c
    • Format (NP)
    • 21 cm.
336 -Typ zawartości [ , ]
    • a
    • Termin opisujący typ zawartości
    • Tekst
    • b
    • Kod określający zawartość
    • txt
    • 2
    • Źródło (terminu i kodu)
    • rdacontent
337 -Typ mediów [ , ]
    • a
    • Tryb odtwarzania
    • Bez urządzenia pośredniczącego
    • b
    • Kod typu mediów
    • n
    • 2
    • Źródło (terminu i kodu)
    • rdamedia
338 -Typ/rodzaj nośnika [ , ]
    • a
    • Hasło opisujące typ nośnika
    • Wolumin
    • b
    • Kod typu nośnika
    • nc
    • 2
    • Źródło (terminu i kodu)
    • rdacarrier
504 -Uwaga dot. bibliogr. załącznikowej [ , ]
    • a
    • Uwaga dot. bibliografii załącznikowej
    • Bibliogr. s. [167].
600 -Hasło przedmiotowe w formie nazwy osobowej [0,7]
    • a
    • Nazwa osobowa
    • Mieszko
    • b
    • Numeracja zwiazana z nazwą
    • I
    • c
    • Dopowiedzenie
    • (książę Polski ;
    • d
    • Daty związane z nazwą
    • około 920-992).
    • 2
    • Źródło terminu
    • kaba
    • 9
    • KHW
    • 244409
650 -Hasło przedmiotowe [ ,7]
    • a
    • Hasło przedmiotowe
    • Chrzest Polski (966).
    • 2
    • Źródło terminu
    • kaba
    • 9
    • KHW
    • 177445
650 -Hasło przedmiotowe [ ,7]
    • a
    • Hasło przedmiotowe
    • Chrześcijaństwo
    • z
    • Określnik geograficzny
    • Polska
    • y
    • Określnik chronologiczny
    • 10 w.
    • 2
    • Źródło terminu
    • kaba
    • 9
    • KHW
    • 405185
651 -Hasło przedmiotowe w formie nazwy geograficznej [ ,7]
    • a
    • Nazwa geograficzna
    • Polska
    • y
    • Określnik chronologiczny
    • 960-992 (Mieszko I).
    • 2
    • Źródło terminu
    • kaba
    • 9
    • KHW
    • 124969
710 -Hasło dodatkowe - nazwa ciała zbiorowego [2, ]
    • a
    • Nazwa ciała zbiorowego lub nazwa geograficzna jako pierwszy element (NP)
    • Zysk i S-ka Wydawnictwo.
    • 4
    • Kod relacji
    • pbl
    • 9
    • KHW
    • 54028
920 -ISBN [ , ]
    • a
    • ISBN
    • 978-83-7785-900-1 Find
Lokalizacja Data inwentaryzacji Status udost. Numer inwentarzowy
BNS2017-01-261H.29174
BNS2017-01-26-3H.29175